00410nam a2200133 a 450000500170000000800410001702000150005805000260007310000220009924500820012126000400020330000210024365000120026420140310183259.0021212s19uu xx 00 eng d a0345388186 aPR 6039b.T649lb 1994 aTolkien, J. R. R. aThe lays of beleriand :bthe history of the middle earth /cJ. R. R. Tolkien. aU. S. A :bBallantine Books,c1994. a465 p. :c18 cm. aFiction